| 000 | 00329nam a22001337a 4500 | ||
|---|---|---|---|
| 020 | _a978-81-265-3247-6 | ||
| 082 |
_a540 _bLEE/F |
||
| 100 | _aJ D LEE, SOLOMONS & FRYHLE | ||
| 245 |
_aFUNDAMENTALS OF CHEMISTRY _bCLASS XII |
||
| 260 |
_aDELHI _bRATNA SAGAR |
||
| 300 | _a641 | ||
| 650 |
_aCHEMISTRY FOR CLASS XII _zINDIA |
||
| 942 | _cBK | ||
| 999 |
_c702 _d702 |
||